000 00668nam a22002412a 4500
001 27486
003 BD-RjUL
005 20211209051148.0
008 140325r19691968p 000 0 eng d
035 _a(BD-RjUL)27560
040 _aWBU
_cWBU
_dUKM
_dBD-RjUL
_dEQO
_beng
041 _aeng
082 0 0 _a954.9
_218
_bFEP 1968
090 _aDS377
_b.F312P15 1968
100 1 _aFeldman, Herbert.
_967558
245 0 0 _aPakistan :
_ban introduction /
250 _a2nd ed.
260 _aLahore :
_bOxford University Press,
_c1968 [reprint 1969]
300 _a143 p. :
_bill. ;
_c23 cm
504 _aBibliography: p. 137-143
651 0 _aPakistan
_984441
942 _2ddc
_cBK
999 _c27486
_d27486